HIV infection and children in need / (Record no. 984)

MARC details
000 -LEADER
fixed length control field 00472nam a22001817a 4500
003 - CONTROL NUMBER IDENTIFIER
control field OSt
005 - DATE AND TIME OF LATEST TRANSACTION
control field 20150123150506.0
008 - FIXED-LENGTH DATA ELEMENTS--GENERAL INFORMATION
fixed length control field 150123b xxu||||| |||| 00| 0 eng d
020 ## - INTERNATIONAL STANDARD BOOK NUMBER
International Standard Book Number 1873868081
040 ## - CATALOGING SOURCE
Transcribing agency DNLM
082 ## - DEWEY DECIMAL CLASSIFICATION NUMBER
Classification number WD 308 H641 1993
245 ## - TITLE STATEMENT
Title HIV infection and children in need /
Statement of responsibility, etc. Edited by Daphne Batty.
260 ## - PUBLICATION, DISTRIBUTION, ETC. (IMPRINT)
Place of publication, distribution, etc. London:
Name of publisher, distributor, etc. BAAF;
Date of publication, distribution, etc. 1993.
300 ## - PHYSICAL DESCRIPTION
Extent 150 p :
Dimensions 23 cm.
650 ## - SUBJECT ADDED ENTRY--TOPICAL TERM
Topical term or geographic name as entry element HIV
9 (RLIN) 2583
700 ## - ADDED ENTRY--PERSONAL NAME
Relator code Editor
Personal name Batty Daphne
9 (RLIN) 2650
942 ## - ADDED ENTRY ELEMENTS (KOHA)
Source of classification or shelving scheme Other/Generic Classification Scheme
Koha item type Short Loan
Holdings
Withdrawn status Lost status Source of classification or shelving scheme Damaged status Not for loan Home library Current library Date acquired Source of acquisition Inventory number Total Checkouts Full call number Barcode Date last seen Price effective from Koha item type
    Other/Generic Classification Scheme     MUST Main Library MUST Main Library 23/01/2015   2001/15491   WD 308 H641 1993 2015-0231 23/01/2015 23/01/2015 Short Loan
    Other/Generic Classification Scheme     MUST Main Library MUST Main Library 23/01/2015   2001/15489   WD 308 H641 1993 2015-0232 23/01/2015 23/01/2015 Short Loan
    Other/Generic Classification Scheme     MUST Main Library MUST Main Library 23/01/2015   2001/15490   WD 308 H641 1993 2015-0233 23/01/2015 23/01/2015 Short Loan